| 000 | 00572nam a2200181 4500 | ||
|---|---|---|---|
| 008 | 020110s1986 us eng | ||
| 020 | _a080662244X | ||
| 090 |
_aBS1595.3 _bW83o |
||
| 100 | 1 | _aWolf, Hans Walter | |
| 245 | 1 | 0 |
_aObadiah and Jonah : _ba commentary / _cHans Walter Wolf. |
| 260 |
_aMinneapolis : _bAugsburg, _cc1986. |
||
| 300 | _a191 p. | ||
| 490 | 1 | _aBiblischer Kommentar | |
| 650 | 4 |
_aBible. O.T. Jonah _xCommentaries. |
|
| 650 | 4 |
_aBible. O.T. Obadiah _xCommentaries. |
|
| 950 | 0 | _15.96 | |
| 951 |
_p10595 _oBS1595.3/W83o _j070613111034000 _d2000-12-21 _cREF |
||
| 999 |
_c8321 _d8321 |
||